000 05335cgm a2201021Ii 4500
001 on1096311317
003 OCoLC
005 20200320221117.0
007 vd cvaizq
008 190329s2019 cau116 vleng d
019 _a1104220177
_a1104261819
024 1 _a031398303688
028 4 2 _a56210
_bLionsgate
035 _a(OCoLC)1096311317
_z(OCoLC)1104220177
_z(OCoLC)1104261819
040 _aW8N
_beng
_erda
_cW8N
_dTEF
_dTEFMT
_dLMJ
_dOCLCF
_dHQD
_dIUK
_dPX0
_dINO
_dDV1
_dJJG
_dWACOL
041 0 _aeng
_jeng
_heng
049 _aWACL
050 4 _aPN1997.2
_b.F58 2019
082 0 4 _a791.43/72
_223
092 _aDVD
_bFiv
245 0 0 _aFive feet apart /
_cCBS Films presents ; a Welle Entertainment/Wayfarer Entertainment production ; produced by Cathy Schulma, Justin Baldoni ; written by Mikki Daughtry & Tobias Iaconis ; directed by Justin Baldoni.
246 3 _a5 feet apart
257 _aUnited States
_2naf
264 1 _aSanta Monica, CA :
_bLionsgate,
_c[2019]
300 _a1 videodisc (approximately 116 minutes) :
_bsound, color ;
_c4 3/4 in.
336 _atwo-dimensional moving image
337 _avideo
338 _avideodisc
340 _dstamping
_2rdapm
340 _b4 3/4 in.
_gcolor
_2rda
344 _adigital
_2rdatr
344 _boptical
_2rdapm
344 _gsurround
_2rdapc
344 _hDolby Digital 5.1
346 _bNTSC
_2rdabs
347 _avideo file
_2rdaft
347 _bDVD video
347 _eRegion 1
_2rdare
380 _aMotion pictures
_2lcgft
538 _aDVD, NTSC region 1, widescreen (2.39:1) presentation; Dolby Digital 5.1.
546 _aIn English or Spanish; Spanish subtitles; English subtitles for the deaf and hard-of-hearing (SDH); English descriptive audio track for people with visual disabilities.
588 0 _aTitle from disc surface.
511 1 _aHaley Lu Richardson, Cole Sprouse, Moises Arias, Kimberly Hébert Gregory, Emily Baldoni, Parminder Nagra, Claire Forlani.
508 _aMusic, Brian Tyler, Breton Vivian ; costume designer, Rachel Sage Kunin ; editor, Angela M. Catanzard ; production designer, Anthony T. Fanning ; director of photography, Frankie G. De Marco.
500 _aOriginally released as a motion picture in 2019.
500 _aWide screen.
521 8 _aMPAA rating: PG-13; thematic elements, language and suggestive material.
520 _aLife as a teenager is hard. Life gets even harder when you're a teenager suffering from a life-threatening illness. Compound illness, adolescence, and the fact that you're spending most of your time in the hospital; life can get very lonely. The only person who could possibly understand may be a teenager living a similar life. When two critically ill teens met at a hospital, only time will tell if they will become friends or even fall in love?
500 _aSpecial features: Alternate ending; Deleted scenes; Audio commentary with Justin Baldoni; Crossing it off: Making of; On the set of Five Feet Apart; Attention to detail; An artist's eye; Theatrical fan event.
521 _aDVD
_bMidwest Tape
650 0 _aTeenage girls
_vDrama.
_95689229
650 0 _aCystic fibrosis
_xPatients
_vDrama.
_95779680
650 0 _aMan-woman relationships
_vDrama.
_95673977
650 0 _aTeenagers
_vDrama.
_95699059
650 7 _aMuchachas adolescentes
_vDrama.
_2qlsp
_96005957
655 7 _aRomance films.
_2lcgft
_95675183
655 7 _aFiction films.
_2lcgft
_95674705
655 7 _aFeature films.
_2lcgft
_96005958
655 7 _aVideo recordings for the hearing impaired.
_2lcgft
_96005959
655 4 _aRomance.
_96005960
655 7 _aDrama.
_2fast
_95673873
655 7 _aRomance films.
_2fast
_95675183
655 7 _aVideo recordings for the hearing impaired.
_2fast
_96005959
655 0 _aSpanish language materials
_xBilingual.
_95688923
655 7 _aLargometrajes.
_2qlsp
_95755381
700 1 _aBaldoni, Justin,
_d1984-
_efilm director,
_efilm producer.
_96005961
700 1 _aDaughtry, Mikki,
_escreenwriter.
_95796246
700 1 _aIaconis, Tobias,
_d1971-
_escreenwriter.
_95796247
700 1 _aSchulman, Cathy,
_efilm producer.
_972297
700 1 _aRichardson, Haley Lu,
_eactor.
_96005962
700 1 _aSprouse, Cole,
_d1992-
_eactor. .
_958316
700 1 _aArias, Moises,
_d1994-
_eactor.
_95960315
700 1 _aHébert Gregory, Kimberly,
_d1973-
_eactor.
_96005963
700 1 _aFoxler, Emily,
_d1984-
_eactor.
_96005964
700 1 _aNagra, Parminder,
_d1975-
_eactor.
_969838
700 1 _aForlani, Claire,
_eactor.
_966091
710 2 _aCBS Films,
_eproduction company.
_95811112
710 2 _aWelle Entertainment (Firm),
_eproduction company.
_96005965
710 2 _aWayfarer Entertainment (Firm),
_eproduction company.
_96005966
710 2 _aLions Gate Home Entertainment,
_efilm distributor.
_967693
730 0 2 _iContainer of (work):
_aFive feet apart (Motion picture).
_96005967
730 0 2 _iContainer of (expression ):
_aFive feet apart (Motion picture).
_lSpanish.
_96005968
856 7 _3View cover art
_uhttp://midwesttapes.com/images/movies/000/000/000/012/322/000000000012322582.jpg
_2http
942 _cDVD
_017
948 _a06/21/2019
_zSirsi
994 _aC0
_bWACOL
996 _a167233
_b34301001633710
_cDVD
_dDVD
_ewcl
_fo
_g17
_h29.99
_lMidwest Tape
_mFiv
_p06/21/2019
_q02/19/2020
_r03/02/2020
999 _c320396
_d320395